| 000 | 01298cad a22002415a 4500 | ||
|---|---|---|---|
| 001 | L137567 | ||
| 008 | 070416e20070330xxk f 000 0 eng d | ||
| 020 | _a9781905018512 | ||
| 035 | _a(Sirsi) u137567 | ||
| 041 | 0 | _aeng | |
| 050 | 0 | 4 | _a306.52 $2 18 |
| 100 | 1 | _aWebb, Sarah | |
| 110 | 2 |
_aChartered Institute of Housing _92394 |
|
| 245 | 0 | 4 |
_aThe rationalisation of housing association stock _ba policy and practice report _h[electronic resource] |
| 260 |
_aCoventry _bChartered Institute of Housing _c2007 |
||
| 520 | _aPatterns of housing association property ownership and management have developed over time in response to a number of perfectly rational drivers, yet some now seem incoherent in nature. This work, sponsored by the Housing Corporation, considers the extent to which stock rationalisation within the housing association sector would produce improvements in operational efficiency, service delivery, community engagement and neighbourhood regeneration. | ||
| 590 | _aKA | ||
| 650 | 2 | 4 |
_aAffordable housing _96215 |
| 651 | 4 |
_aUnited Kingdom _y |
|
| 690 | _aPROPERTY-RESIDENTIAL PROPERTY-DOMESTIC RESIDENTIAL PROPERTY-HOUSING | ||
| 856 | 4 | 0 |
_uhttps://www.housingcorp.gov.uk/server/show/ConWebDoc.10669 _zView the item free of charge at www.housingcorp.gov.uk... |
| 942 | _n0 | ||
| 999 |
_c106826 _d106826 |
||